Ceny produktów rolnych elementem równowagi rynkowej

Saved in:
Bibliographic Details
Main Author: Muszynski, Marek
Format: Book
Language:Polish
Published: Warszawa Wydawnictwo Naukowe 1980
Series:Problemy rozwoju wsi i rolnictwa
Tags: Add Tag
No Tags, Be the first to tag this record!

MARC

LEADER 00000nam a2200000 4500
001 c137106
005 20041019155309.0
041 0 |a pol 
044 |a PL 
245 1 0 |a Ceny produktów rolnych elementem równowagi rynkowej  |c Marek Muszynski 
264 1 |a Warszawa  |b Wydawnictwo Naukowe  |c 1980 
300 |a 91 s. 
490 1 |a Problemy rozwoju wsi i rolnictwa 
830 0 |a Problemy rozwoju wsi i rolnictwa 
100 1 |a Muszynski, Marek